100 Biggest Cities of the United States in the Jacksonian Era - Statistics

General Stats
  • This quiz has been taken 145 times
  • The average score is 51 of 100
Answers on the Map
Answers color-coded by a green-red scale on the quiz's map according to % correct below.
 
Answer Stats
Population State Cities % Correct
202,589 NY New York
99%
61,392 MA Boston
96%
46,082 LA New Orleans
95%
80,462 PA Philadelphia
95%
16,060 VA Richmond
93%
12,568 PA Pittsburgh
92%
24,209 NY Albany
91%
80,620 MD Baltimore
91%
18,826 DC Washington
91%
8,668 NY Buffalo
90%
24,831 OH Cincinnati
90%
5,566 TN Nashville
90%
30,289 SC Charleston
89%
10,341 KY Louisville
88%
10,953 NJ Newark
88%
4,977 MO St. Louis
88%
16,833 RI Providence
87%
6,710 GA Augusta
86%
3,980 ME Augusta
86%
7,074 CT Hartford
86%
7,303 GA Savannah
84%
9,207 NY Rochester
83%
12,406 NY Brooklyn
80%
12,598 ME Portland
79%
6,026 KY Lexington
78%
10,180 CT New Haven
77%
9,814 VA Norfolk
77%
4,312 PA Harrisburg
75%
3,925 NJ Trenton
75%
8,010 RI Newport
73%
6,628 DE Wilmington
72%
3,791 NC Wilmington
72%
8,241 DC Alexandria
71%
7,202 MA Nantucket
70%
4,173 MA Worcester
70%
13,895 MA Salem
69%
8,323 NY Utica
69%
6,072 MA Cambridge
62%
6,784 MA Springfield
62%
4,758 MA Plymouth
61%
5,221 VA Wheeling
61%
7,704 PA Lancaster
60%
6,474 MA Lowell
59%
11,556 NY Troy
56%
5,032 NY Poughkeepsie
55%
7,592 MA New Bedford
53%
4,216 PA York
53%
4,427 MD Frederick
52%
8,026 NH Portsmouth
52%
4,268 NY Schenectady
51%
4,335 CT New London
50%
28,872 PA Northern Liberties
49%
8,322 VA Petersburg
49%
4,630 VA Lynchburg
48%
7,710 NJ Paterson
48%
5,856 PA Reading
48%
4,158 MA Fall River
44%
6,138 MA Lynn
43%
8,441 DC Georgetown
42%
5,529 RI Warwick
42%
5,449 NH Dover
41%
7,510 MA Gloucester
41%
4,311 CT Danbury
39%
8,783 MA Charlestown
36%
3,974 MA Barnstable
35%
3,796 NC New Bern
35%
3,801 CT Greenwich
34%
3,792 CT Norwalk
33%
20,581 PA Southwark
30%
6,042 MA Taunton
29%
13,394 PA Kensington
27%
6,424 NY Newburgh
27%
4,486 NY Auburn
25%
6,375 MA Newburyport
25%
5,392 NY Hudson
24%
5,149 MA Marblehead
24%
5,247 MA Roxbury
24%
4,074 MA Dorchester
22%
4,226 CT Fairfield
22%
3,896 MA Haverhill
22%
3,773 ME Bath
20%
4,073 MA Beverly
19%
4,228 MA Danvers
18%
11,140 PA Spring Garden
18%
4,530 MA Andover
17%
6,857 RI Smithfield
15%
3,851 RI Coventry
14%
5,008 MA Middleborough
14%
6,822 PA Moyamensing
14%
4,805 CT Groton
13%
4,456 CT Litchfield
13%
4,092 CT Lyme
13%
3,993 RI Scituate
11%
3,853 CT Wethersfield
11%
4,628 PA Germantown
9%
5,018 CT Saybrook
9%
3,979 CT New Milford
8%
3,961 ME Hallowell
5%
4,214 ME Thomaston
5%
3,816 NH Gilmanton
4%
No matching quizzes found
Score Distribution
Percent of People with Each Score
Percentile by Number Answered
Your Score History
You have not taken this quiz